Statistics for Countries That Begin With An 'N' Or An 'O'

Click here to take the quiz!

General Stats

  • This quiz has been taken 1,480 times
    (1,460 since last reset)
  • The average score is 8 of 11

Answer Stats

Answers% Correct
Oman
90%
Niger
80%
Nigeria
79%
Namibia
76%
Nicaragua
71%
Norway
67%
Nauru
62%
Netherlands
60%
Nepal
59%
North Korea
56%
New Zealand
53%

Score Distribution

Percentile by Number Answered

Percent of People with Each Score

Your Score History

You have not taken this quiz since the last reset